| 000 | 00894nam a2200265 a 4500 | ||
|---|---|---|---|
| 001 | 2415170 | ||
| 003 | OSt | ||
| 005 | 20230717104855.0 | ||
| 008 | 860902s1986 enk b i000 0 eng | ||
| 010 | _a 86200201 | ||
| 020 | _a923102339X | ||
| 040 |
_aDLC _cDLC _dDLC |
||
| 082 |
_a370.1 _bCAM |
||
| 100 | 1 | _aCamilleri, Carmel. | |
| 245 | 1 | 0 |
_aCultural anthropology and education / _cC. Camilleri ; prepared for the International Bureau of Education. |
| 260 |
_aLondon : _bK. Page in association with Unesco, _c1986. |
||
| 300 |
_a171 p. ; _c21 cm. |
||
| 440 | 0 | _aEducational sciences | |
| 504 | _aBibliography: p. [170]-171. | ||
| 650 | 0 | _aEducational anthropology. | |
| 710 | 2 | _aInternational Bureau of Education. | |
| 906 |
_a7 _bcbc _corignew _d3 _encip _f19 _gy-gencatlg |
||
| 942 |
_2ddc _cBK |
||
| 999 |
_c3982 _d3982 |
||